Подробности
| 000 -МАРКЕР |
| контрольное поле |
02280nam0a22003371 4500 |
| 001 - ИДЕНТИФИКАТОР ЗАПИСИ |
| контрольное поле |
v19\rc\2113457 |
| 005 - ИДЕНТИФИКАТОР ВЕРСИИ |
| контрольное поле |
20260210174425.0 |
| 035 ## - ДРУГИЕ СИСТЕМНЫЕ НОМЕРА |
| Идентификатор записи |
(NLR Aleph) 005183565 |
| 100 ## - ДАННЫЕ ОБЩЕЙ ОБРАБОТКИ |
| Данные общей обработки |
20090914d1803 u y0rusy50 ca |
| 101 0# - ЯЗЫК РЕСУРСА |
| Язык текста, звукозаписи и т.д. |
русский |
| 102 ## - СТРАНА ПУБЛИКАЦИИ ИЛИ ПРОИЗВОДСТВА |
| Страна публикации |
Российская Федерация |
| 140 ## - ПОЛЕ КОДИРОВАННЫХ ДАННЫХ: СТАРОПЕЧАТНЫЕ ИЗДАНИЯ - ОБЩАЯ ИНФОРМАЦИЯ |
| Кодированные данные о старопечатном издании - Основные |
y y ga yaa0000 |
| 200 1# - ЗАГЛАВИЕ И СВЕДЕНИЯ ОБ ОТВЕТСТВЕННОСТИ |
| Основное заглавие |
Краткая российская история, |
| Сведения, относящиеся к заглавию |
в пользу и употребление российскаго юношества, |
| Первые сведения об ответственности |
из достовернейших российских писателей собранная и напечатанная иждивением И. Новикова |
| 210 ## - ПУБЛИКАЦИЯ, РАСПРОСТРАНЕНИЕ И ДР. |
| Место издания, распространения и т.д. |
Москва |
| Имя издателя, распространителя и т. д. |
в Университетской типографии, у Любия, Гария и Попова |
| Дата издания, распространения и т.д. |
1803 |
| 215 ## - ФИЗИЧЕСКАЯ ХАРАКТЕРИСТИКА |
| Специфическое обозначение материала и объем |
[2], 72 с., [2] л табл. |
| Размеры |
8° (19 см) |
| 300 ## - ОБЩИЕ ПРИМЕЧАНИЯ |
| Текст примечания |
Ценз.: Моск. ценз. (тит. л.) |
| 316 ## - ПРИМЕЧАНИЯ ОБ ОСОБЕННОСТЯХ ЭКЗЕМПЛЯРА |
| Текст примечания |
Экз. РНБ (18.11.3.70) в розовой бумаж. обл. На 1-й с. обл. ярлык с шифром РНБ. Бумага на корешке утрачена. На корешке бумаж. наклейка. На 2-й с. обл. ярлык с шифром РНБ и владельч. запись "Из книг Николай [нрзб] 1807". На 3-й с. обл. владельч. запись нрзб 1807 г. На тит. л., с.3, 15 и 33 владельч. скрепа "Из книг Николай [нрзб]". На тит. л., с.33, 72 и на двух л. табл. круглый штамп ГПБ. |
| Организация и экземпляр, к которому относится поле |
NLR: 18.11.3.70 |
| 321 1# - ПРИМЕЧАНИЯ ОБ ОТДЕЛЬНО ИЗДАННЫХ УКАЗАТЕЛЯХ / РЕФЕРАТАХ / ССЫЛКАХ, ОТРАЖАЮЩИХ КАТАЛОГИЗИРУЕМЫЙ ДОКУМЕНТ |
| Примечания об указателях, рефератах, ссылках |
СК 1801-1825 5755 |
| 620 ## - МЕСТО И ДАТА ПУБЛИКАЦИИ, ИСПОЛНЕНИЯ И Т. Д. |
| Страна |
Москва |
| 700 #1 - ИМЯ ЛИЦА - ПЕРВИЧНАЯ ОТВЕТСТВЕННОСТЬ |
| Код отношения |
Спонсор |
| Графика поля |
Кириллица |
| Материалы, к которым относится поле |
rus |
| Начальный элемент ввода |
Новиков |
| Часть имени, кроме начального элемента ввода |
И. |
| Дополнения к именам, кроме дат |
учитель, франц. и рус. яз. |
| Расширение инициалов личного имени |
Иван |
| Системный номер авторитетной/нормативной записи |
2696556 |
| Идентификатор авторитетной/нормативной записи |
RU\NLR\AUTH\770289833 |
| 702 #1 - ИМЯ ЛИЦА - ВТОРИЧНАЯ ОТВЕТСТВЕННОСТЬ |
| Начальный элемент ввода |
Любий |
| Часть имени, кроме начального элемента ввода |
Ф. |
| Расширение инициалов личного имени |
Федор |
| Код отношения |
Печатник (типограф) |
| 702 #1 - ИМЯ ЛИЦА - ВТОРИЧНАЯ ОТВЕТСТВЕННОСТЬ |
| Начальный элемент ввода |
Гарий |
| Часть имени, кроме начального элемента ввода |
Е. М. |
| Расширение инициалов личного имени |
Егор М |
| Код отношения |
Печатник (типограф) |
| 702 #1 - ИМЯ ЛИЦА - ВТОРИЧНАЯ ОТВЕТСТВЕННОСТЬ |
| Код отношения |
Печатник (типограф) |
| Начальный элемент ввода |
Попов |
| Часть имени, кроме начального элемента ввода |
И. В. |
| Дополнения к именам, кроме дат |
литератор, издатель |
| Даты |
ок.1770-1839 |
| Расширение инициалов личного имени |
Иван Васильевич |
| Системный номер авторитетной/нормативной записи |
238003 |
| Идентификатор авторитетной/нормативной записи |
RU\NLR\AUTH\770238059 |
| 712 02 - НАИМЕНОВАНИЕ ОРГАНИЗАЦИИ - ВТОРИЧНАЯ ОТВЕТСТВЕННОСТЬ |
| Код отношения |
Печатник (типограф) |
| Начальный элемент ввода |
Московский университет |
| Структурное подразделение |
Типография |
| Системный номер авторитетной/нормативной записи |
361140 |
| Идентификатор авторитетной/нормативной записи |
RU\NLR\AUTH\889932963 |
| 801 #0 - ИСТОЧНИК ЗАПИСИ |
| Страна |
Российская Федерация |
| Организация |
NLR |
| Правила каталогизации |
psbo |
| 801 #1 - ИСТОЧНИК ЗАПИСИ |
| Страна |
Российская Федерация |
| Организация |
ProSoft-M |
| Источник данных |
rusmarc |
| 852 ## - МЕСТОНАХОЖДЕНИЕ И ШИФР ХРАНЕНИЯ |
| Идентификатор организации |
NLR |
| Шифр хранения (Call Number) |
18.11.3.70 |
| 942 ## - ДОПОЛНИТЕЛЬНЫЕ ЭЛЕМЕНТЫ ЗАПИСИ (АБИС) |
| Тип экземпляра АБИС |
Неопределено |
| 980 ## - КОЛЛЕКЦИЯ |
| Название коллекции |
Национальная библиография |